MDQL
is popping MORE tags! Check the
thread
!
Quizzes
Events
Quiz Creation
Community
Videos
Private Events
Remove Ads
Sign In
Join for FREE
Feedback
Dark Mode
Quiz Categories
Sports
Geography
Music
Movies
Television
Just For Fun
Miscellaneous
History
Literature
Language
Science
Gaming
Entertainment
Religion
Holiday
For Kids
Quiz Lab
Recent
Popular Today
Quiz Kudos Today
Editor Picks
Curator Picks
Quizzes by...
Day
Popularity
Type
Ratings
Length
Year
Community
Subscriptions
Recent Discussions
Orange Saloon
Badges
Playlists
Quests
Create
Leaderboards
Showdown
Live 5
Trivia Bingo
Activity
Puzzle Library
Sporcle Events
Private Events
Virtual Trivia
Globe League
Become a Host
Pub Owners
SporcleCon
Opinionation
Our Games
Videos
Blog
Mobile Apps
Partnerships
Remove Ads and Go Orange
Feedback
Television
TV Characters
TV Show
Sitcom
Network
Friends
Reality Shows
Cast
South Park
Star Trek
The Simpsons
Doctor Who
Television
TV Characters
TV Show
Sitcom
Network
Friends
Reality Shows
Cast
South Park
Star Trek
The Simpsons
Doctor Who
Random Quiz
Search Sporcle
×
Quiz Lab
Quiz Lab
Television
Friends
Select answers by clicking on text or image buttons
Select answers by clicking on text or image buttons
Clickable
Best Score? Go Orange.
Friends: Shooting Gallery Stats
Can you pick each event that applies to each Friends character?
By
BigAl1994
7m
40 Questions
5,959 Plays
5,959 Plays
5,959 Plays
Comments
Comments
Give Quiz Kudos
Give Quiz Kudos
-
- Ratings
hide this ad
Forced Order
Answers have to be entered in order
Answers have to be entered in order
Random Order
Randomize order of answers
Randomize order of answers
Replay
Link that replays current quiz
Next Quiz
Link to next quiz in quiz playlist
You Got
0%
They Got
Avg Score
73%
Avg Friend Score
Upgrade to see
Score Distribution
Jump to the score distribution portion of the page
Score
0/40
Timer
07:00
0
Plays Today
% Correct
Dressed as the Holiday Armadillo
91.4%
Suspended due to anger issues
89.6%
Practiced Unagi
89.4%
Played Al Pacino's butt-double
82.4%
Has the middle name Karen
80.9%
Discovered their identical hand twin
80.8%
Wrote the song Smelly Cat
80.5%
Manager at Central Perk
80.5%
Had the nickname Big Fat Goalie
80.1%
OH. MY. GOD!
79.7%
Had a secret cupboard filled with mess
79.4%
Alter ego of Regina Phalange
78.9%
Thought Chandler was going to Yemen for work
78.3%
Paid $1000 for Mrs. Whiskerson
78%
Married the mattress king
77.2%
Had a 'Nubin' on their chest
76.4%
Claimed Dangerous Liaisons is their favourite movie
75.9%
Was replaced by Eddie as a roommate
75.7%
Owned a stuffed Penguin
75.6%
Refused to pay $100 for Howard 'the handy man'
75.1%
% Correct
Had their identity stolen
73.3%
Appeared in 19 episodes
73%
Surname of Goralnik
72.8%
Ran into a horse while jogging
72.5%
Chopped off someone's toe with a knife
72.1%
Found a thumb in their soda
71.7%
Poured marinara sauce into a handbag
70.3%
Worried about the W.E.N.U.S
69.8%
Called gum 'perfection'
68.5%
Invented the game of Cups
67.5%
Fluent in Dutch
67.4%
Paid $1500 for Mrs. Whiskerson
66.4%
Had a 'Koondis' on their back
64.6%
Played Bryce in All My Children
64.4%
Destroyed the foosball table with a sledgehammer
62.9%
Bought a Pac-Man machine as a gift
59.5%
Swallowed a sonic-blaster gun
56.9%
Dressed as Charlie Brown for Halloween
55.9%
Broke the foosball table by kicking it
55.1%
Paid $100 for Howard 'the handy man'
54.9%
Quiz Playlist
Details
Report
Send in Message
Add To Playlist
Clickable:
Select answers by clicking on text or image buttons
Forced Order:
Answers have to be entered in order
Random Order:
Randomize order of answers
Last Updated: Jul 23, 2017
Quiz Scoreboard
CHALLENGE
Sign Up to Join the Scoreboard
Show All
Scores
Hide
Comments
May contain spoilers
Recently Published
5x2 Blitz: Bands
by SL_Kpop136
Music
30s
Colored Red Africa Blitz
by spor1
Geography
30s
Find the 'City' Movie
by crazypaving
Movies
60s
More to Explore
Quiz From the Vault
Featured Blog Post
14 Easter Pick-up Lines to Find Eggs With
hide this ad
You Might Also Like...
Tags
Friends Quiz
TV Show Quiz
Chandler Bing
Friends Characters
Joey Tribbiani
Ross Geller
Shooting Gallery
Today's Top Quizzes in Television
Browse Television
hide this ad
Today's Top Quizzes in Friends
Browse Friends
Top Contributed Quizzes in Television
1
Survivor Journey Challenge
2
Brooklyn Nine Nine Logic Puzzle (How-To-Play)
3
Phoebe Buffay Quotes
4
One Tree Hill Logic Puzzle
5
Survivor Logic Puzzle: Heroes vs. Villains
6
Survivor Trivia
7
Game of Thrones: Tywin Lannister Start to Finish
8
All US Survivor Seasons in Order
9
Emmerdale Characters (from August 2012)
10
Survivor Trivia #6: Criteria Quiz!
Explore More
Trending Topics
Crossword
Anime
Harry Potter
Disney
NBA
Kpop
Marvel
Pokémon
NFL
The Office
Song
Puzzle
WWE
Soccer
Country
hide this ad
More By:
BigAl1994
Quiz
Plays
Rating
Category
Featured
Created
5 Scenes, 1 Actor
140,428
4.78
Movies
Apr 11, 2016
What Movie Is THAT From?
117,374
4.21
Movies
Mar 17, 2015
TV Side Characters: 10 to 1
108,707
4.19
Television
May 5, 2015
8 Scenes, 1 Movie!
98,541
4.72
Movies
Apr 13, 2016
TV Show Locations: 10 to 1
85,438
4.50
Television
May 15, 2015
Go to Creator's Profile
Score Distribution
Quiz Creator Spotlight
BigAl1994
Follow
Send a Message
Quizzes Created
-
Created Quiz Play Count
-
More By This Creator
Popular Quizzes Today
1
Find the 'City' Movie
2
Colored Red Africa Blitz
3
Find the US States - No Outlines Minefield
4
5x2 Blitz: Bands
5
The Countries of the World
6
Find the US States
7
US States
8
9x9 Crossword: Cartoon Network
More Television Quizzes
Follow That Line: House of the Dragon: Episode 1x10
Quiz Lab
Trending Quizzes
Colored Red Europe Blitz I
Colored Red Africa Blitz II
Colored Red Europe Blitz II
Colored Red Europe Blitz III
Colored Red Africa Blitz III
Recently Updated
Famous TV Couples
Peacemaker
Champions League XIs: Real Madrid
pecheneg
Largest US Cities 1790-2010
pecheneg
Rides in Walt Disney World
pecheneg
Most Oscar Losses (Acting)
pecheneg
Beyoncé Albums
pecheneg
Leaping Animals
pecheneg
Reality TV Shows (A-Z)
bhenderson79
Rickey Henderson's Hall of Fame Teammates
pecheneg
Champions League XIs: Arsenal
pecheneg
Trending Topics
Anime
Harry Potter
Kpop
Marvel
NBA
Disney
Crossword
NFL
Pokémon
Soccer
Country
WWE
Puzzle
Song
The Office
Your Account Isn't Verified!
In order to create a playlist on Sporcle, you need to verify the email address you used during registration. Go to your
Sporcle Settings
to finish the process.
Report this User
Report this user for behavior that violates our
Community Guidelines
.
Details:
Send Report
Go to the Sporcle.com Mobile Site →
Comments